00283nam a2200121Ia 4500008004100000041000900041082001700050100002000067245001700087260004100104300000800145650000800153230718s9999 xx 000 0 und d aEng. a843.7bPAW-B aPawanki zulqoor 0aBaad a Bahar aPakistanbJamhori Publicationsc2016 a280 aLaw